Erfolgsfaktoren regionaler Tourismusnetzwerke

Salvato in:
Dettagli Bibliografici
Autore principale: Michálková, Anna, 1968-
Ente Autore: Ekonomická univerzita v Bratislave. Obchodná fakulta
Natura: Libro
Lingua:tedesco
Pubblicazione: Bratislava [2012]
Soggetti:
Tags: Aggiungi Tag
Nessun Tag, puoi essere il primo ad aggiungerne!!

MARC

LEADER 00000nam a2200000 4500
001 0161676
005 20240502072814.2
041 0 |a ger 
044 |a SK 
245 1 0 |a Erfolgsfaktoren regionaler Tourismusnetzwerke  |c Anna Michálková 
264 1 |a Bratislava  |c [2012] 
300 |a [15 s., 0,8 AH] 
610 2 0 |a ruch cestovný 
610 2 0 |a siete regionálne 
100 1 |a Michálková, Anna, 1968- 
710 2 |a Ekonomická univerzita v Bratislave. Obchodná fakulta